000 00582nam a2200217Ia 4500
003 OSt
005 20250829181717.0
008 210423s2008 xx 000 0 und d
040 _cAL
041 _aEnglish
082 _a331
_bKUMI
100 _aJinender Kumar N
_9117901
245 _aInternational labour organisation
260 _aNew Delhi
_bRegal Publications
_c2008
365 _b250
_cINR
650 _aEconomics
_9117902
650 _aLabour Economics
_9117903
700 _aBhola, Ajay
_9237891
906 _aInternational ; labour ; organisation
942 _2ddc
_cBK
999 _c175546
_d175546